Elenca la formazione - Quiz n°72 - Statistics

Statistiche generali
  • Questo quiz è stato fatto 43 volte
  • Il punteggio medio è 6 su 11
Statistiche sulle risposte
Ruolo Nazione Calciatore % Corretto
Difensore Romania Ștefan Radu
97%
Difensore Svizzera Stephan Lichtsteiner
84%
Trequartista Brasile Hernanes
74%
Centrocampista Argentina / Italia Cristian Ledesma
61%
Ala Argentina Mauro Zárate
55%
Difensore Italia Giuseppe Biava
45%
Difensore Brasile André Dias
42%
Attaccante Repubblica Ceca Libor Kozák
42%
Centrocampista Italia Cristian Brocchi
26%
Ala Uruguay Álvaro González
21%
Portiere Italia Tommaso Berni
8%
Nessun quiz corrispondente trovato
Distribuzione punteggi
Percentuale di utenti per punteggio
Percentile per numero di risposta
I tuoi punteggi nel tempo
Non hai fatto questo quiz